Film italiani che hanno vinto l'Oscar - Statistics

Statistiche generali
  • Questo quiz è stato fatto 60 volte
  • Il punteggio medio è 5 su 14
Statistiche sulle risposte
Edizione Film % Corretto
1999 La vita è bella
96%
2014 La grande bellezza
81%
1992 Mediterraneo
58%
1950 Ladri di biciclette
49%
1990 Nuovo Cinema Paradiso
49%
1957 La Strada
34%
1975 Amarcord
32%
1964
30%
1948 Sciuscià
28%
1958 Le notti di Cabiria
26%
1972 Il giardino dei Finzi Contini
21%
1971 Indagine su un cittadino al di sopra di ogni sospetto
15%
1965 Ieri, oggi, domani
9%
1951 Le mura di Malapaga
4%
Nessun quiz corrispondente trovato
Distribuzione punteggi
Percentuale di utenti per punteggio
Percentile per numero di risposta
I tuoi punteggi nel tempo
Non hai fatto questo quiz